00345nam a2200145Ia 4500008004100000020001800041082000800059100002300067245002000090250000600110260003200116300001000148500002400158650001700182230524s9999 xx 000 0 und d a9789351776451 bKAL aA.P.J. Abdul Kalam 0aAdvantage India a1 aNoidabHarper Collinsc2015 a203p; aQuantity Number: 1 aMisalliance